Holiday Quiz

Random Holiday or Logo Quiz
Score 0/20 Timer 08:00
0 Plays Today
Number Country % Correct
3South Korea
86.2%
12United States
62.3%
18China
57.9%
17Switzerland
52.4%
5Ukraine
50.3%
16Thailand
47.7%
20Italy
45.2%
1Russia
45%
8Mexico
41.8%
11Estonia
36.9%
Number Country % Correct
4India
27.8%
7Singapore
27.4%
10United Arab Emirates
26.3%
13Pakistan
25.9%
2Kuwait
24.4%
15Philippines
19.7%
9Hungary
7.9%
6Israel
6.3%
19El Salvador
5.2%
14Senegal
2.5%
Remove Ads.
Support Sporcle.
Get the best of Sporcle when you Go Orange. This ad-free experience offers more features, more stats, and more fun while also helping to support Sporcle. Thank you for becoming a member.

You're not logged in!

Compare scores with friends on all Sporcle quizzes.
OR
Log In

Show Comments

Extras

Top Quizzes Today


Score Distribution

Your Account Isn't Verified!

In order to create a playlist on Sporcle, you need to verify the email address you used during registration. Go to your Sporcle Settings to finish the process.

Report this User

Report this user for behavior that violates our Community Guidelines.

Details: